000 01069nam a2200301 c 4500
999 _c134801
_d134801
003 BLK
005 20220530142759.0
008 180409b bul|||||r ||||||| ||bul||
010 _aKNG00140718000
040 _aBLK
041 _aBUL
_cBUL
080 _aНемска литература
_b821.112.2
_x-31
_z821.112.2-31
100 1 _aГрюн, Макс фон дер
_eпърви автор
_9324532
139 _aГрюн, Макс фон дер
_bГ 89
245 1 0 _aБлуждаеща светлина и огън
_bРоман
_cМакс фон дер Грюн; прев. от нем. Елена Николова.
257 _aDEU
260 _bНар. култура
_c1966
_aСофия
300 _a274 с.
_c20 см
380 _aX
500 _aАвт. не е даден на кор.
653 _aромани
700 1 _aНиколова, Елена
_eпрев. от нем.
_9366074
852 _aЦб 38257
856 4 _qpdf
856 4 _qpdf
942 _cKNG
_n0
_s1
944 _aCR
_c26.09.2016
_kПравда_Бадева
944 _aED
_c26.09.2016
_kПравда_Бадева
999 _d134801